| 000 | 00486nam a2200169Ia 4500 | ||
|---|---|---|---|
| 999 |
_c22161 _d22161 |
||
| 003 | OSt | ||
| 005 | 20200319120018.0 | ||
| 008 | 190216s9999||||xx |||||||||||||| ||und|| | ||
| 040 | _coclc | ||
| 082 |
_a297 _bAHM/S |
||
| 100 |
_aAhmad, Khurshid _92078 |
||
| 245 | 0 |
_aSocialism Or Islam / _cKhurshid Ahmad |
|
| 260 |
_bMuslim Welfare Society, _c1987. _aJammu & Kashmir: |
||
| 300 | _a281p | ||
| 650 | _aIslamic History | ||
| 942 |
_cBK _2ddc _h297 _iAHM/S _k297 _mAHM/S |
||